[Event "45th FIDE Chess Olympiad Open"]
[Site "Budapest, Hungary"]
[Date "2024.09.13"]
[Round "3.31"]
[White "Suk Raj Monger"]
[Black "Nascimento Admilton de Ceita "]
[Result "0-1"]
[WhiteElo "1821"]
[BlackElo "1908"]
[PlyCount "102"]
[EventDate "2024.??.??"]
[WhiteTeam "Bhutan"]
[BlackTeam "Sao Tome and Principe"]
[WhiteTeamCountry "BTN"]
[BlackTeamCountry "SAO"]
[WhiteClock "0:36:51"]
[BlackClock "0:53:21"]

1. e4 d6 2. d4 g6 3. Nc3 Bg7 4. Nf3 Nd7 5. Bc4 Ngf6 ({RR} 5... Nh6 6. O-O e5 7. dxe5 dxe5 8. h3 c6 9. Be3 f6 10. Qd2 Nf7 11. Rfd1 Qe7 12. a4 a5 13. Ba2 Nc5 14. Qe2 O-O 15. Nd2 Kh8 16. Nc4 Ng5 17. Nd6 Na6 18. h4 Ne6 19. Qc4 Nac7 20. h5 {Zubarev,A (2566)-Sitnikov,A (2490) Alushta 2009 ½-½ (50)}) 6. Bxf7+ ({RR} 6. Qe2 O-O 7. O-O c6 8. e5 Ne8 9. e6 Nb6 10. exf7+ Kh8 11. fxe8=Q Qc7 12. Q8xe7 Qb8 13. Ng5 Rg8 14. Nf7# {1-0 (14) Iljin,T (2299)-Redzisz,M (2213) Chess.com INT 2022}) 6... Kf8 7. Ng5 $146 ({RR} 7. e5 Ne8 8. Ng5 Nxe5 9. dxe5 Bxe5 10. Be6 Ng7 11. Nf7 Qe8 12. Bxc8 Rxc8 13. Nxh8 Nf5 14. Be3 Bxh8 15. O-O e6 16. Ne2 Qc6 17. Nd4 Qe4 18. Nxf5 gxf5 19. Bh6+ Ke7 20. Qf3 {1-0 (20) Triadu Cassa,J (2111)-Carraminana Puig,J (1805) Girona 2011}) 7... Nb6 8. Be6 Qe8 9. e5 h6 10. exf6 exf6 11. O-O hxg5 12. Bxc8 Qxc8 13. Qf3 g4 14. Qd3 f5 15. f3 gxf3 16. Rxf3 Qe6 17. Bg5 Qc4 18. Qxc4 Nxc4 19. Ne2 Re8 20. Rf2 Nxb2 21. Rb1 b6 22. h4 Kg8 23. Kh2 Nc4 24. g4 Ne3 25. Kg3 Nxg4 26. Rg2 Kh7 27. Rf1 Re4 28. c3 Rhe8 29. Ng1 c5 30. Nf3 cxd4 31. cxd4 Bxd4 32. Bf4 Kg7 33. Ng5 Re2 34. Rxe2 Rxe2 35. Bxd6 Re3+ 36. Kf4 Bf6 37. Rc1 Rc3 38. Rxc3 Bxc3 39. Bb8 Bd2+ 40. Kf3 Bxg5 41. hxg5 a6 42. a4 Kf7 43. Bc7 b5 44. axb5 axb5 45. Ke2 Ke6 46. Kd3 Kd5 47. Bg3 Ne5+ 48. Ke3 b4 49. Be1 b3 50. Bc3 b2 51. Kf4 b1=Q 0-1

[Event "45th FIDE Chess Olympiad Open"]
[Site "Budapest, Hungary"]
[Date "2024.09.13"]
[Round "3.32"]
[White "Semedo, Adelino"]
[Black "Lhundrup M Dorji"]
[Result "1-0"]
[WhiteElo "1827"]
[BlackElo "1715"]
[PlyCount "99"]
[EventDate "2024.??.??"]
[WhiteTeam "Sao Tome and Principe"]
[BlackTeam "Bhutan"]
[WhiteTeamCountry "SAO"]
[BlackTeamCountry "BTN"]
[WhiteClock "0:04:24"]
[BlackClock "0:02:27"]

1. d4 Nf6 2. Nf3 e6 3. g3 c5 4. c3 Nc6 5. Bg2 d5 6. O-O Bd6 7. Nbd2 O-O 8. Re1 Qb6 ({RR} 8... Re8 9. a4 cxd4 10. cxd4 Bd7 11. Nb3 Qb6 12. a5 Qb5 13. Bf4 Bb4 14. Bd2 Ne4 15. Bxb4 Qxb4 16. e3 b6 17. a6 Na5 18. Nxa5 bxa5 19. Ne5 Bb5 20. Nd3 Bxd3 21. Qxd3 Nd6 22. Qa3 Qxa3 23. Rxa3 {Przybylski,W (2321)-Solovchuk,A (2285) Chess.com INT 2020 0-1 (57)}) ({RR} 8... cxd4 9. cxd4 b6 10. b3 Bb7 11. Bb2 Rc8 12. Rc1 Qe7 13. Ne5 Rc7 14. Nxc6 Bxc6 15. e4 Nxe4 16. Nxe4 dxe4 17. Bxe4 Bxe4 18. Rxe4 Rxc1 19. Qxc1 Qb7 20. Re3 Rc8 21. Rc3 Rxc3 22. Qxc3 Qc7 23. Qc4 {O'Connell,G (2026)-MacElligott,G (1925) Dublin IRL 2023 ½-½ (44)}) 9. e4 dxe4 $146 ({RR} 9... Nxe4 10. Nxe4 dxe4 11. Rxe4 Rd8 12. Qc2 cxd4 13. Nxd4 Nxd4 14. Rxd4 Bd7 15. Rh4 g6 16. Bg5 Re8 17. Rd1 Bb5 18. Qd2 Bf8 19. Qf4 e5 20. Qd2 Bc5 21. b4 Bf8 22. Bd5 Bc6 23. Be3 Qa6 24. c4 {Holczbauer,F (1677)-Krstulovic,A (1843) Hungary 2013 ½-½}) 10. Nc4 Qc7 11. Ng5 cxd4 12. cxd4 Bb4 13. Re2 Nxd4 14. Qxd4 Rd8 15. Bf4 Rxd4 16. Bxc7 Rxc4 17. Bf4 Bd7 18. a3 Ba5 19. Nxe4 Nxe4 20. Rxe4 Rc2 21. Rd4 Bc6 22. Bxc6 bxc6 23. b4 Bb6 24. Rd2 Rxd2 25. Bxd2 Rd8 26. Bc3 Rd3 27. Rc1 h5 28. Kf1 Rf3 29. Rc2 Rf5 30. a4 a5 31. Be1 axb4 32. Rxc6 Ba5 33. Rc8+ Kh7 34. Rb8 h4 35. Bxb4 Bc7 36. Rb5 Rf3 37. Rh5+ Kg6 38. Rxh4 Kf5 39. Rc4 Bb6 40. Bc5 Bxc5 41. Rxc5+ Kf6 42. a5 Ra3 43. Kg2 Ke7 44. Rb5 f5 45. Rb7+ Kf6 46. Ra7 Ra4 47. a6 g5 48. Ra8 g4 49. a7 Ke7 50. Rh8 1-0

[Event "45th FIDE Chess Olympiad Open"]
[Site "Budapest, Hungary"]
[Date "2024.09.13"]
[Round "3.33"]
[White "Ayyad, Husain"]
[Black "Aziz, Husain"]
[Result "1/2-1/2"]
[WhiteElo "2129"]
[BlackElo "2340"]
[PlyCount "120"]
[EventDate "2024.??.??"]
[WhiteTeam "Bahrain"]
[BlackTeam "Qatar"]
[WhiteTeamCountry "BHN"]
[BlackTeamCountry "QAT"]
[WhiteClock "0:22:20"]
[BlackClock "0:04:49"]

1. e4 e5 2. Nf3 Nc6 3. d4 exd4 4. Bc4 Nf6 5. e5 d5 6. Bb5 Nd7 7. O-O Be7 8. Bxc6 bxc6 9. e6 fxe6 10. Nxd4 Nb8 11. Re1 O-O 12. Nxe6 Bxe6 13. Rxe6 Bc5 14. Be3 d4 $146 ({RR} 14... Bxe3 15. Rxe3 Qf6 16. Rf3 Qxb2 17. Rxf8+ Kxf8 18. Nd2 Nd7 19. Rb1 Qf6 20. Rb3 Kg8 21. Rf3 Qd6 22. Nb3 Re8 23. h3 c5 24. Rd3 Nf6 25. c4 d4 26. g3 Qc6 27. Qf3 Qxf3 28. Rxf3 Ne4 29. Rf5 {Sreyas,P (2084)-Agasarov,B (2358) chess.com INT 2024 0-1 (48)}) 15. Bd2 Qd5 16. Qg4 Nd7 17. b4 Bd6 18. Re2 Ne5 19. Qe4 Rae8 20. Qxd5+ cxd5 21. Kf1 Nc4 22. Rxe8 Rxe8 23. a3 Kf7 24. Bc1 a5 25. bxa5 Ra8 26. Nd2 Rxa5 27. Nb3 Ra8 28. a4 c5 29. f4 Ke6 30. g4 Ne3+ 31. Bxe3 dxe3 32. Ke2 d4 33. a5 Kd5 34. a6 c4 35. Ra5+ Ke4 36. Nc1 Bxf4 37. h3 Bd6 38. Ra4 Kd5 39. c3 Bc5 40. cxd4 Bxd4 41. Na2 Kc5 42. a7 Kc6 43. Rxc4+ Kd5 44. Ra4 Rxa7 45. Rxa7 Bxa7 46. Nc3+ Ke5 47. Kf3 Bc5 48. h4 Kd4 49. Ne2+ Kd3 50. h5 h6 51. Nf4+ Kd2 52. Ne2 Bb6 53. Nf4 Bc7 54. Ne2 Be5 55. Ng1 Kd3 56. Ne2 Bb8 57. Ng1 Bh2 58. Ne2 Kd2 59. Nd4 Be5 60. Ne2 Kd3 1/2-1/2

[Event "45th FIDE Chess Olympiad Open"]
[Site "Budapest, Hungary"]
[Date "2024.09.13"]
[Round "3.34"]
[White "Erfan Mohamad Firdaus"]
[Black "Ayyad, Maher"]
[Result "1/2-1/2"]
[WhiteElo "1758"]
[BlackElo "1980"]
[PlyCount "64"]
[EventDate "2024.??.??"]
[WhiteTeam "Qatar"]
[BlackTeam "Bahrain"]
[WhiteTeamCountry "QAT"]
[BlackTeamCountry "BHN"]
[WhiteClock "0:05:13"]
[BlackClock "0:50:45"]

1. d4 d5 2. c4 e6 3. Nc3 Nf6 4. cxd5 exd5 5. Bg5 Nbd7 6. e3 c6 7. Bd3 Be7 8. Nf3 O-O 9. Qc2 Re8 10. O-O Nf8 11. h3 Ne4 12. Bf4 Ng5 13. Bxg5 Bxg5 14. b4 Be7 15. Rab1 Bd6 16. b5 Qf6 17. bxc6 bxc6 18. e4 Bxh3 $146 ({RR} 18... dxe4 19. Nxe4 Qh6 20. Nxd6 Qxd6 21. Be4 Be6 22. Qxc6 Rad8 23. Rfe1 Qa3 24. d5 Bd7 25. Qc4 Rc8 26. Qd4 Qxa2 27. Ne5 Qa4 28. Rb4 Qa5 29. Ra1 Qc5 30. Qxc5 Rxc5 31. Nxd7 Nxd7 32. Rxa7 Nf6 33. d6 {Gulko,B (2622)-Gurevich,M (2694) Wijk aan Zee 2001 ½-½ (45)}) 19. e5 Qf4 20. exd6 Qg4 21. Nh4 Qxh4 22. gxh3 Qxh3 23. Bf5 Qh4 24. d7 Qg5+ 25. Kh2 Qf4+ 26. Kg2 Qg5+ 27. Kh2 Red8 28. Rb7 Qf4+ 29. Kg2 Qg5+ 30. Kh2 Qf4+ 31. Kg2 Qg5+ 32. Kh2 Qf4+ 1/2-1/2

[Event "45th FIDE Chess Olympiad Open"]
[Site "Budapest, Hungary"]
[Date "2024.09.13"]
[Round "3.35"]
[White "Mosa, Hamad"]
[Black "Al Qassabi, Mohammed"]
[Result "0-1"]
[WhiteElo "1721"]
[BlackElo "1521"]
[PlyCount "160"]
[EventDate "2024.??.??"]
[WhiteTeam "Bahrain"]
[BlackTeam "Qatar"]
[WhiteTeamCountry "BHN"]
[BlackTeamCountry "QAT"]
[WhiteClock "0:26:51"]
[BlackClock "0:10:59"]

1. e4 e5 2. Nf3 Nc6 3. Bb5 a6 4. Ba4 Nf6 5. d3 b5 6. Bb3 Be7 7. c3 d6 8. Nbd2 O-O 9. O-O Na5 10. Bc2 c5 11. d4 Qc7 12. d5 ({RR} 12. h3 Bd7 13. d5 c4 14. Re1 Nb7 15. Nf1 Nc5 16. Ng3 a5 17. a3 Nb3 18. Bxb3 cxb3 19. Qxb3 Rfb8 20. Be3 b4 21. axb4 axb4 22. c4 Be8 23. Rxa8 Rxa8 24. Qxb4 Nd7 25. Nf5 Bf8 26. Qc3 g6 {Ponomarenko,G (2247)-Sakhayi,M (2166) chess.com INT 2024 1-0 (39)}) 12... c4 ({RR} 12... Bd7 13. b3 g6 14. Re1 Nh5 15. Nf1 Nb7 16. Bh6 Ng7 17. a4 Rfb8 18. Qd2 Nd8 19. b4 f6 20. bxc5 dxc5 21. axb5 axb5 22. c4 b4 23. Qe2 Nf7 24. Be3 Rxa1 25. Rxa1 f5 26. Bc1 f4 {½-½ (26) Carlsen,M (2690)-Kramnik,V (2766) Monte Carlo 2007}) 13. a4 $146 ({RR} 13. b4 cxb3 14. axb3 Qxc3 15. Ra2 Bg4 16. h3 Bh5 17. Re1 Rfc8 18. Re3 Qc7 19. Nb1 Nb7 20. b4 a5 21. Bd2 axb4 22. Rxa8 Rxa8 23. Bxb4 Qc4 24. Ba3 b4 25. Bxb4 Bxf3 26. gxf3 Nh5 27. Bd2 Qc8 {Nicholson,J (2045)-Allen,K (2300) Port Erin 1998 ½-½ (32)}) 13... Bd7 14. Re1 Nb7 15. Nf1 Nc5 16. axb5 axb5 17. Bg5 Bg4 18. Bxf6 Bxf6 19. Ne3 Rxa1 20. Qxa1 Bxf3 21. gxf3 Qd7 22. Qa5 Rb8 23. Kf1 Bd8 24. Qa2 Qh3+ 25. Ke2 Qxh2 26. Qa7 Rb7 27. Qa8 Qh4 28. Nf5 Qf6 29. Ra1 g6 30. Ne3 Kg7 31. Ra6 Qe7 32. Rc6 Ra7 33. Qb8 Rb7 34. Qxd6 Qxd6 35. Rxd6 Rd7 36. Rc6 Rc7 37. Ng4 Rxc6 38. dxc6 f6 39. Ne3 Na6 40. f4 exf4 41. Nd5 Bc7 42. Kf3 g5 43. Kg4 Be5 44. Kf5 h5 45. f3 h4 46. Kg4 Nc7 47. Nb6 Bd6 48. b3 cxb3 49. Bxb3 b4 50. cxb4 Bxb4 51. Nd5 Nxd5 52. Bxd5 Bd6 53. Be6 Kf8 54. Kh5 Ke7 55. Bf5 Be5 56. Kg4 Kd6 57. Bd7 Kc5 58. Kh5 Kd4 59. Kg6 Ke3 60. Bg4 Kf2 61. c7 Bxc7 62. Kxf6 Kg3 63. e5 h3 64. Bxh3 Kxh3 65. e6 Bd6 66. Kxg5 Kg3 67. Kf6 Kxf3 68. e7 Bxe7+ 69. Kxe7 Kg4 70. Kd6 f3 71. Kc5 f2 72. Kb4 f1=Q 73. Kb3 Qc1 74. Ka2 Qc3 75. Kb1 Qd2 76. Ka1 Kf3 77. Kb1 Ke4 78. Ka1 Kd3 79. Kb1 Kc3 80. Ka1 Qb2# 0-1

[Event "45th FIDE Chess Olympiad Open"]
[Site "Budapest, Hungary"]
[Date "2024.09.13"]
[Round "3.36"]
[White "Al-Kuwari, Turki"]
[Black "Shaker, Musab"]
[Result "1-0"]
[WhiteElo "1577"]
[BlackElo "1757"]
[PlyCount "55"]
[EventDate "2024.??.??"]
[WhiteTeam "Qatar"]
[BlackTeam "Bahrain"]
[WhiteTeamCountry "QAT"]
[BlackTeamCountry "BHN"]
[WhiteClock "0:16:17"]
[BlackClock "0:07:37"]

1. e4 e5 2. Nf3 Nf6 3. Nxe5 d6 4. Nf3 Nxe4 5. Nc3 Nxc3 6. dxc3 Be7 7. Be3 O-O 8. Qd2 c6 9. O-O-O d5 10. h4 Nd7 11. h5 ({RR} 11. Bd3 Re8 12. Rde1 Nf6 13. Ng5 c5 14. c4 h6 15. cxd5 c4 16. Bxc4 hxg5 17. hxg5 Ne4 18. Qd1 Bxg5 19. Qh5 Bxe3+ 20. Rxe3 f5 21. d6+ Be6 22. Qh7+ {1-0 (22) Carlsen,M (2863)-Aronian,L (2773) chess24.com INT 2020}) ({RR} 11. Ng5 Re8 12. Bd3 Nf8 13. Qe2 f6 14. Nf3 Bg4 15. c4 Qa5 16. Kb1 Bc5 17. cxd5 Bxe3 18. fxe3 cxd5 19. Qf2 Re7 20. Rde1 Rae8 21. Nd4 Ne6 22. Qg3 Nxd4 23. Qxg4 Ne6 24. Qf3 Nf8 25. h5 h6 {Muzychuk,M (2508)-Mammadova,N (2277) Ankara TUR 2024 ½-½ (49)}) 11... Nc5 12. Nd4 $146 ({RR} 12. h6 g6 13. c4 Ne4 14. Qe1 Be6 15. cxd5 cxd5 16. Nd4 Bg5 17. Bd3 Nc5 18. Kb1 Nxd3 19. Rxd3 Re8 20. Qd2 Bxe3 21. Rxe3 Qd7 22. Rhe1 Rac8 23. Qe2 Qa4 24. Nxe6 fxe6 25. Rxe6 Kf8 26. Qf3+ Kg8 {Breyer,P (1743)-Haas,A (1638) Biel 2022 1-0 (33)}) ({RR} 12. h6 g6 13. Bd4 Ne4 14. Qe1 Bf6 15. Bd3 Re8 16. Qf1 Bg4 17. Re1 Bxd4 18. Nxd4 Nc5 19. f3 Qg5+ 20. Kb1 Rxe1+ 21. Qxe1 Nxd3 22. cxd3 Bd7 23. Qf2 b6 24. f4 Qf6 25. Re1 c5 26. Nc2 Qf5 {Rappazzo,J (1761)-Haas,A (1638) Biel 2022 ½-½ (37)}) 12... Qa5 13. Kb1 Ne4 14. Qe1 Re8 15. f3 Nd6 16. Qg3 Nf5 17. Nxf5 Bxf5 18. Bd4 Bf8 19. Bxg7 Bxg7 20. h6 Bg6 21. hxg7 Kxg7 22. Bd3 Re6 23. f4 Qc7 24. Qg5 f5 25. Bxf5 Rf6 26. Rxh7+ Kxh7 27. Qxf6 Qg7 28. Rh1+ 1-0

[Event "45th FIDE Chess Olympiad Open"]
[Site "Budapest, Hungary"]
[Date "2024.09.13"]
[Round "3.37"]
[White "Misambo .J. KIlasa"]
[Black "Mompel Ferruz, Xavier"]
[Result "1/2-1/2"]
[WhiteElo "1959"]
[BlackElo "2273"]
[PlyCount "82"]
[EventDate "2024.??.??"]
[WhiteTeam "Tanzania"]
[BlackTeam "Equatorial Guinea"]
[WhiteTeamCountry "TAN"]
[WhiteClock "0:31:22"]
[BlackClock "0:18:43"]

1. d4 d5 2. c4 e6 3. Nc3 Nf6 4. Bg5 dxc4 5. e3 c5 6. dxc5 ({RR} 6. Nf3 cxd4 7. Nxd4 a6 8. Bxc4 Be7 9. O-O O-O 10. Rc1 b5 11. Be2 Ra7 12. Qb3 Qa5 13. Rfd1 Rd8 14. a3 Rad7 15. Bh4 Bb7 16. Bg3 Kf8 17. Bf3 Bxf3 18. Nxf3 Rxd1+ 19. Rxd1 Rxd1+ 20. Qxd1 Nbd7 {Shankland,S (2698)-So,W (2753) Berlin GER 2023 0-1 (57)}) 6... Nbd7 ({RR} 6... Qa5 7. Bxf6 gxf6 8. Qa4+ Qxa4 9. Nxa4 Bd7 10. Nc3 Bxc5 11. Bxc4 a6 12. Nf3 Bc6 13. Ke2 Nd7 14. Rad1 Ke7 15. Bb3 b5 16. Bc2 f5 17. Rhg1 Rac8 18. Rd2 Rhg8 19. Bb3 Nb6 20. a3 Bxa3 21. Na2 {Sangram,D (1698)-Zia,T (2275) Dhaka BAN 2024 0-1 (45)}) 7. c6 bxc6 8. Bxc4 Qa5 $146 ({RR} 8... Qb6 9. Qb3 Nd5 10. Nge2 Ne5 11. Bxd5 cxd5 12. Qxb6 axb6 13. Nb5 Bb4+ 14. Nec3 Kd7 15. O-O Ba6 16. Rfd1 Bxc3 17. Nxc3 f6 18. Bf4 Nd3 19. b3 Nxf4 20. exf4 g6 21. Na4 Rab8 22. Rd2 Bb5 23. Nc3 {Tan,Z (2513)-Lei,T (2507) Hengshui 2019 ½-½ (74)}) 9. Bxf6 Nxf6 10. Nge2 Be7 11. O-O O-O 12. Qc2 c5 13. Rad1 Bb7 14. Rd2 Bc6 15. Rfd1 Qc7 16. b3 Ng4 17. Ng3 h5 18. Nf1 Ne5 19. Be2 g6 20. h3 Qb7 21. f4 Nd7 22. e4 Nb6 23. Ne3 Rad8 24. Bb5 Rc8 25. Bxc6 Qxc6 26. Nc4 Nxc4 27. bxc4 f5 28. Rd7 Rc7 29. Rxc7 Qxc7 30. e5 g5 31. Nb5 Qc6 32. Nxa7 Qb7 33. Nb5 gxf4 34. Qe2 Qe4 35. Qxh5 Rf7 36. Nd6 Bxd6 37. Rxd6 Qe1+ 38. Kh2 Qg3+ 39. Kg1 Qe1+ 40. Kh2 Qg3+ 41. Kg1 Qe1+ 1/2-1/2

[Event "45th FIDE Chess Olympiad Open"]
[Site "Budapest, Hungary"]
[Date "2024.09.13"]
[Round "3.38"]
[White "Oscar Naranjo Gonzalez"]
[Black "Hassuji, Nurdin"]
[Result "1-0"]
[WhiteElo "1861"]
[BlackElo "1847"]
[PlyCount "51"]
[EventDate "2024.??.??"]
[WhiteTeam "Equatorial Guinea"]
[BlackTeam "Tanzania"]
[BlackTeamCountry "TAN"]
[WhiteClock "0:52:50"]
[BlackClock "0:00:35"]

1. e4 e5 2. Nf3 Nc6 3. Bb5 a6 4. Ba4 Nf6 5. Qe2 b5 6. Bb3 Be7 7. a4 Rb8 8. axb5 axb5 9. Nc3 ({RR} 9. c3 d6 10. d4 exd4 11. Nxd4 Bd7 12. Nxb5 Ne5 13. Ba4 O-O 14. Nd2 d5 15. exd5 Bxb5 16. Qxe5 Bd6 17. Qd4 Re8+ 18. Kd1 Be5 19. Qc5 Qd7 20. Bxb5 Rxb5 21. Qc4 Rxd5 22. Re1 Rd8 23. Re2 Bxh2 {Tiviakov,S (2604)-Brunello,S (2552) Trieste 2018 0-1 (61)}) 9... b4 10. Nd5 O-O 11. O-O Nd4 $146 ({RR} 11... Bc5 12. d3 h6 13. Be3 Bxe3 14. fxe3 d6 15. Qd2 Nxd5 16. exd5 Ne7 17. Ra4 c5 18. dxc6 Nxc6 19. e4 Qb6+ 20. Qf2 Qxf2+ 21. Kxf2 Bb7 22. Ke3 Ra8 23. Rfa1 Rxa4 24. Rxa4 Ra8 25. Rxa8+ Bxa8 26. Bd5 {Krzywnicka,M (1835)-Budkiewicz,M (1762) Jastrzebia Gora POL 2023 1-0 (44)}) ({RR} 11... d6 12. Nxe7+ Nxe7 13. d4 Ng6 14. dxe5 dxe5 15. Rd1 Qe7 16. Ne1 Be6 {½-½ (16) Ljubarskij,J (2348)-Helmsen,F (2132) Wingst 2005}) ({RR} 11... d6 12. h3 Be6 13. Qc4 Bd7 14. Re1 Rb7 15. Ba4 Nxd5 16. Qxd5 Rb6 17. b3 Be6 18. Qd3 Qc8 19. Bb5 f5 20. Bc4 fxe4 21. Qxe4 Kh8 22. Bxe6 Qxe6 23. d3 d5 24. Qg4 Qxg4 25. hxg4 Bc5 26. Bb2 {Sarana Hungeling,O (2342)-Gregor,M (2185) Nove Zamky 1999 1-0 (44)}) 12. Nxd4 exd4 13. d3 Bb7 14. Nxe7+ Qxe7 15. Bg5 d6 16. f4 Rfe8 17. h3 Bc8 18. Qf2 Qf8 19. Rae1 Be6 20. e5 dxe5 21. fxe5 Nd7 22. Ba4 c5 23. Qg3 Kh8 24. Rf4 Kg8 25. Rh4 Kh8 26. Bc6 1-0

[Event "45th FIDE Chess Olympiad Open"]
[Site "Budapest, Hungary"]
[Date "2024.09.13"]
[Round "3.39"]
[White "Lusako, Shedrack"]
[Black "Angel Estanislao Gatjens Capc"]
[Result "1/2-1/2"]
[WhiteElo "1760"]
[BlackElo "1849"]
[PlyCount "118"]
[EventDate "2024.??.??"]
[WhiteTeam "Tanzania"]
[BlackTeam "Equatorial Guinea"]
[WhiteTeamCountry "TAN"]
[WhiteClock "0:17:06"]
[BlackClock "0:41:46"]

1. Nf3 d5 2. d4 c6 3. Bf4 Bf5 4. e3 e6 5. Bd3 Bxd3 6. Qxd3 Qa5+ ({RR} 6... Bd6 7. Bg3 Nf6 8. Nbd2 Bxg3 9. hxg3 Nbd7 10. g4 Nxg4 11. Rxh7 Rxh7 12. Qxh7 Qf6 13. Qh5 Nh6 14. Ke2 Qf5 15. Qxf5 Nxf5 16. Rh1 Ke7 17. Ne5 Nd6 18. Rh7 Rg8 19. Nxd7 Kxd7 20. g4 Ke7 21. g5 {Andersson,U (2605)-Chiburdanidze,M (2560) Haninge 1988 ½-½ (37)}) ({RR} 6... f5 7. a3 Nf6 8. c4 Ne4 9. O-O Bd6 10. Bxd6 Qxd6 11. Ne5 Nd7 12. f3 Nef6 13. Nxd7 Qxd7 14. Nc3 O-O 15. Rad1 Rad8 16. e4 fxe4 17. fxe4 Nxe4 18. Rxf8+ Rxf8 19. Nxe4 dxe4 20. Qxe4 Rf6 21. h3 {Kohler,A (2023)-Floresvillar Gonzalez,L (2019) chess.com INT 2024 1-0 (39)}) 7. Nbd2 Qa6 8. c4 Nf6 $146 ({RR} 8... Bb4 9. O-O Nf6 10. a3 Bxd2 11. Nxd2 O-O 12. Rac1 Nbd7 13. f3 Nb6 14. Qc2 Nxc4 15. Nxc4 dxc4 16. Bd6 Rfe8 17. Qxc4 Qxc4 18. Rxc4 Nd5 19. Kf2 Rad8 20. Bg3 Kf8 21. Rd1 Ke7 22. Ra4 a6 23. e4 {Fuchsgruber,H-Autengruber,R Niederbayern 2000 ½-½ (41)}) ({RR} 8... Nd7 9. O-O Nb6 10. b3 Nf6 11. e4 Be7 12. Qc2 dxe4 13. Nxe4 Nxe4 14. Qxe4 Qa3 15. Be5 O-O 16. Qg4 g6 17. h4 h5 18. Qh3 Nd7 19. g4 Nxe5 20. Nxe5 Qb2 21. Rad1 hxg4 22. Qxg4 Kg7 23. h5 {Halldorsson,B (2238)-Ragnarsson,J (2108) Reykjavik 2009 0-1 (53)}) 9. O-O Nbd7 10. Qc2 Be7 11. Ne5 O-O 12. Nxd7 Nxd7 13. c5 Qa5 14. b4 Qd8 15. a4 Bf6 16. Bd6 Re8 17. Nf3 e5 18. Rab1 e4 19. Nd2 Be7 20. Bg3 Bh4 21. Bd6 Be7 22. b5 Bxd6 23. bxc6 Bxh2+ 24. Kxh2 Qh4+ 25. Kg1 bxc6 26. f3 f5 27. fxe4 fxe4 28. Rf4 Qg3 29. Nf1 Qg5 30. Rb7 Nf6 31. a5 h5 32. Qf2 Reb8 33. Qb2 Rf8 34. Qf2 Rfb8 35. Qb2 Rc8 36. Qf2 Qg6 37. Qg3 Qxg3 38. Nxg3 Rcb8 39. Rc7 Rc8 40. Rb7 Rab8 41. Rxa7 Ra8 42. Re7 Rxa5 43. Nf5 Ng4 44. Rxg7+ Kh8 45. Rg5 Ra1+ 46. Rf1 Rxf1+ 47. Kxf1 Nf6 48. Ng3 Rg8 49. Rxg8+ Kxg8 50. Nf5 Kf7 51. Nd6+ Ke6 52. Nb7 Kd7 53. Na5 Ng4 54. Ke2 h4 55. Nb7 Nh6 56. Na5 Nf5 57. Kf2 Kc7 58. Nb3 Kb7 59. Na5+ Kc7 1/2-1/2

[Event "45th FIDE Chess Olympiad Open"]
[Site "Budapest, Hungary"]
[Date "2024.09.13"]
[Round "3.41"]
[White "Morazo, John Ranel"]
[Black "Murphy, Jones"]
[Result "1-0"]
[WhiteElo "2200"]
[BlackElo "2021"]
[PlyCount "47"]
[EventDate "2024.??.??"]
[WhiteTeam "Palau"]
[BlackTeam "Dominica"]
[WhiteTeamCountry "PAL"]
[WhiteClock "1:03:26"]
[BlackClock "0:31:03"]

1. d4 Nf6 2. Nc3 d5 3. Bg5 Nbd7 4. f3 c6 5. e4 dxe4 6. fxe4 Qa5 7. e5 ({RR} 7. Bd2 e5 8. Nd5 Qd8 9. Nxf6+ Qxf6 10. Nf3 exd4 11. Bg5 Qe6 12. Qxd4 Bc5 13. Qxg7 Qxe4+ 14. Be2 Rf8 15. O-O-O Be3+ 16. Bxe3 Qxe3+ 17. Kb1 Qf4 18. Rhe1 Qb4 19. Bc4+ Kd8 20. Bxf7 Kc7 21. Be6 Rd8 {Caravantes Camacho,F (1554)-Mendez Martinez,M (1763) Madrid 2022 1-0 (33)}) 7... Nxe5 ({RR} 7... Ne4 8. Bd2 Nxd2 9. Qxd2 e6 10. Nf3 Bb4 11. a3 c5 12. Rb1 Bxc3 13. bxc3 Qxa3 14. Bd3 f5 15. d5 O-O 16. dxe6 Nb6 17. e7 Re8 18. Bb5 Be6 19. Bxe8 Rxe8 20. O-O Qa4 21. Qd6 Qd7 22. Qxc5 {Miladinovic,I (2563)-Charbonneau,P (2326) Montreal 2000 1-0 (33)}) 8. Bxf6 exf6 $146 9. dxe5 fxe5 10. Bc4 Bb4 11. Qf3 O-O 12. Nge2 e4 13. Qf4 Kh8 14. O-O-O b5 15. Bb3 f5 16. h4 Qb6 17. h5 h6 18. Qe5 Bc5 19. Kb1 Be3 20. Rd6 a5 21. Nd5 Qc5 22. Ne7 Kh7 23. Ng6 Rf6 24. Bg8+ 1-0

[Event "45th FIDE Chess Olympiad Open"]
[Site "Budapest, Hungary"]
[Date "2024.09.13"]
[Round "3.42"]
[White "Bridet, Robert"]
[Black "Tan, Santiago Jr"]
[Result "1/2-1/2"]
[WhiteElo "1697"]
[BlackElo "1903"]
[PlyCount "117"]
[EventDate "2024.??.??"]
[WhiteTeam "Dominica"]
[BlackTeam "Palau"]
[BlackTeamCountry "PAL"]
[WhiteClock "0:06:12"]
[BlackClock "0:41:32"]

1. e4 c6 2. Nf3 d5 3. Nc3 dxe4 4. Nxe4 Bf5 5. Ng3 Bg6 6. Ne5 Nf6 7. Nxg6 ({RR} 7. h4 Be4 8. Nxe4 Nxe4 9. Bc4 e6 10. d3 Nf6 11. Bg5 Qa5+ 12. c3 Qxe5+ 13. Kf1 h6 14. Bxf6 Qxf6 15. Qb3 b5 16. Bxb5 cxb5 17. Qxb5+ Nd7 18. d4 Qf4 19. Re1 Rb8 20. Qe2 Be7 21. g3 Qf5 {Alexander,S-Tan,S (1872) Chennai 2022 0-1 (34)}) 7... hxg6 8. Bc4 e6 9. d3 $146 ({RR} 9. d4 c5 10. Bb5+ Nbd7 11. Bg5 Qa5+ 12. Qd2 Qxb5 13. c3 cxd4 14. O-O-O dxc3 15. bxc3 Ba3+ 16. Kc2 Nc5 17. Rb1 Qa4+ 18. Rb3 Nxb3 19. axb3 Qc6 20. f3 Nd5 21. c4 b5 22. Ra1 Bb4 23. Qd3 Rxh2 {Bin Saeed,A-Bannawi,K Abu Dhabi 2002 0-1}) ({RR} 9. h3 Bd6 10. Qf3 Nbd7 11. d4 Qc7 12. Ne4 Nxe4 13. Qxe4 Nf6 14. Qe2 O-O-O 15. c3 Rhe8 16. Bg5 e5 17. d5 Bc5 18. Bxf6 gxf6 19. O-O-O cxd5 20. Bxd5 Rd6 21. Bf3 e4 22. g3 Rde6 23. Bg2 e3 {Radko,A (1272)-Belczewski,J (1723) Jastrzebia Gora 2013 0-1 (58)}) ({RR} 9. O-O Nbd7 10. d4 Qc7 11. c3 Bd6 12. a3 Ne4 13. Qf3 Ndf6 14. Bd3 Nxg3 15. fxg3 O-O 16. Bd2 c5 17. Be3 cxd4 18. cxd4 Nd5 19. Bd2 a6 20. Rac1 Qe7 21. Rce1 Qc7 22. Rf2 b5 23. Ref1 b4 {Levesque,A (1429)-Thomson,B (1714) Gatineau 2008 1-0 (39)}) 9... Be7 10. Bd2 Nbd7 11. Bc3 a5 12. a4 Qc7 13. h3 Nb6 14. Bb3 Nbd5 15. Ne2 Rd8 16. Bxd5 cxd5 17. Nd4 b6 18. Nb5 Qb8 19. Qe2 O-O 20. Be5 Qb7 21. O-O Rc8 22. c3 Rfd8 23. Rfe1 Bf8 24. Qf3 Ne8 25. Bg3 Qd7 26. Re2 Nd6 27. Nd4 Nf5 28. Nxf5 gxf5 29. Qe3 Qc6 30. Bh4 Re8 31. Qf4 f6 32. Qd2 Bd6 33. f4 e5 34. Bg3 e4 35. d4 Kf7 36. Re3 Qc7 37. Qf2 Rh8 38. Rf1 Qc4 39. Qc2 Qxd4 40. Qe2 Qxa4 41. Kh1 Qc4 42. Qd1 a4 43. Rf2 Bc5 44. Rfe2 Bxe3 45. Rxe3 g6 46. Bf2 Ke6 47. Rg3 Rhg8 48. Bxb6 Rb8 49. Ba5 Rxb2 50. Bb4 Qa2 51. Qd4 Qc4 52. Qb6+ Kd7 53. Qd6+ Kc8 54. Qe6+ Kb7 55. Qxg8 Qf1+ 56. Kh2 Rxg2+ 57. Rxg2 Qxf4+ 58. Kh1 Qf1+ 59. Kh2 1/2-1/2